Errate das Land anhand einer Stadt - Statistiken

Allgemein
  • Dieses Quiz wurde 414 mal gespielt
  • Das Durchschnittsergebnis liegt bei 27 aus 35
Antwortstatistiken
Stadt Land % Korrekt
Augsburg Deutschland
99%
Porto Portugal
99%
Hiroshima Japan
97%
San Francisco Vereinigte Staaten
97%
Pisa Italien
96%
Xi'an China
95%
Innsbruck Österreich
95%
Göteborg Schweden
95%
Utrecht Niederlande
94%
Bilbao Spanien
93%
Gizeh Ägypten
90%
Nancy Frankreich
88%
Bergen Norwegen
87%
Odessa Ukraine
85%
Galway Irland
84%
Marrakesch Marokko
83%
Poznan Polen
82%
Dubrovnik Kroatien
81%
Winterthur Schweiz
80%
Mecca Saudi-Arabien
79%
Bangalore Indien
77%
Arhus Dänemark
76%
Christchurch Neuseeland
75%
Brno Tschechien
68%
Niš Serbien
61%
Wollongong Australien
60%
Salvador Brasilien
60%
Merida Mexiko
55%
Espoo Finnland
52%
Cusco Peru
52%
Port Elizabeth Südafrika
51%
Daegu Südkorea
51%
Esch Luxemburg
50%
Tainan Taiwan
49%
London Kanada
45%
Keine übereinstimmenden Quizze gefunden
Verteilung der Resultate
Anzahl Personen mit jedem Resultat
Perzentil nach korrekt beantworteten Fragen
Ihre Resultats-Entwicklung
Sie haben dieses Quiz noch nicht gespielt